| 000 | 00511nam a22001817a 4500 | ||
|---|---|---|---|
| 003 | BD-ChCU | ||
| 005 | 20251111104523.0 | ||
| 008 | 251111b bg ||||| |||| 00| 0 ben d | ||
| 040 | _cBD-ChCU | ||
| 082 | _aREF 398.9 SMO | ||
| 100 |
_aSmith , William George. _915926 |
||
| 245 |
_aThe Oxford dictionary of english proverbs./ _cGeorge , Smith william |
||
| 250 | _a2nd. ed. | ||
| 260 |
_aOxford : _bThe Clerandon press, _c1963 |
||
| 300 | _axxxi , 740p | ||
| 650 | 0 |
_aproverbs . _915927 |
|
| 942 |
_2ddc _cBK _n0 |
||
| 999 |
_c109314 _d109314 |
||